Culture Générale - Série 1255 - Statistiques

Statistiques générales
  • Ce quiz a été pris 92 fois
  • Le résultat moyen est 3 sur 10
Statistiques - réponses
Question Réponse % Correct
Quelle friandise, faite de pâte d'amandes et recouverte d'un glaçage, est une spécialité d'Aix-en-Provence ? calisson
76%
Comment s'appelle le petit de l'oie ? oison
61%
Quelle ville de Maine-et-Loire est célèbre pour son Cadre noir ? Saumur
61%
À quel pays appartient l'île de Zanzibar ? Tanzanie
60%
De quel roi de France Blanche de Castille était-elle la mère ? Louis IX
52%
Quand le lièvre ou le crocodile font entendre leur cri, on dit qu'ils... vagissent
11%
Sous quel nom de pastille connaissait-on mieux l'actrice Anne-Charlotte Pontabry, qui incarnait "Victoire" dans "Classe mannequin" ? Cachou
10%
Quel est le prénom du premier enfant, originaire du Cambodge, adopté par Angelina Jolie ? Maddox
9%
Quel verbe désigne l'action de couper les oreilles d'un animal ? essoriller
7%
Qui réalise la comédie musicale “Hello Dolly”, en 1969 ? Gene Kelly
0%
Aucun quiz correspondant
Distribution des résultats
% des personnes avec chaque résultat
Percentile par nombre de réponses
Votre historique - résultats
Vous n’avez pas pris ce quiz